Globálne trendy v bankovom sektore

Vývoj svetovej ekonomiky v posledných dvoch dekádach je charakterizovaný poklesom inflácie a s tým spojeným poklesom jej volatility a silným rastom globálnej ekonomiky s výnimkou Japonska a Nemecka. Situácia na stredoeurópskom trhu. Rast hospodárstva Ruska. Zameranie sa na čínsky trh.

Salvato in:
Dettagli Bibliografici
Autore principale: Mikáš, Pavel
Natura: Capitolo di libro
Lingua:slovacco
Soggetti:
Tags: Aggiungi Tag
Nessun Tag, puoi essere il primo ad aggiungerne!!

MARC

LEADER 00000naa$a2200000$$$4500
001 0058660
005 20231019084805.3
041 0 |a slo 
044 |a SK 
245 1 0 |a Globálne trendy v bankovom sektore  |c Pavel Mikáš 
520 |a Vývoj svetovej ekonomiky v posledných dvoch dekádach je charakterizovaný poklesom inflácie a s tým spojeným poklesom jej volatility a silným rastom globálnej ekonomiky s výnimkou Japonska a Nemecka. Situácia na stredoeurópskom trhu. Rast hospodárstva Ruska. Zameranie sa na čínsky trh. 
610 2 0 |a vývoj 
610 2 0 |a banky 
610 2 0 |a trhy 
610 2 0 |a Európa 
610 2 0 |a Čína 
100 1 |a Mikáš, Pavel